[Event "OP-2012-0-02432"]
[Site "LSS email"]
[Date "2012.09.30"]
[Round "?"]
[White "Camps, Jean Pierre"]
[Black "O'Donnell, Kieran"]
[Result "0-1"]
[WhiteElo "1389"]
[BlackElo "1378"]
[PlyCount "52"]
[EventDate "2012.09.27"]
[EventType "tourn (corr)"]
[EventRounds "4"]
[EventCountry "GER"]
[SourceTitle "Telechess CBM 163"]
[Source "ChessBase"]
[SourceDate "2014.11.11"]
[SourceVersion "2"]
[SourceVersionDate "2014.11.11"]
[SourceQuality "1"]

1. e4 d6 2. d4 Nf6 3. Nc3 g6 4. Be3 c6 5. Qd2 Qa5 6. f3 b5 7. g4 e5 8. dxe5 dxe5 9. 0-0-0 Be6 10. Bh3 b4 11. Nce2 Bxa2 12. Qe1 Be6 13. b3 Na6 14. Kb1 Nc7 15. g5 Nd7 16. f4 Bxh3 17. Nxh3 Nb5 18. Bc1 exf4 19. Nhxf4 Bg7 20. Bb2 Ne5 21. Rf1 0-0 22. Nd4 Nc3+ 23. Bxc3 bxc3 24. Nde2 Nc4 25. Rd3 Qa3 26. Qc1 Qa5 0-1

[Event "OP-2012-0-02432"]
[Site "LSS email"]
[Date "2012.09.30"]
[Round "?"]
[White "O'Donnell, Kieran"]
[Black "Lauer, Fredric"]
[Result "1/2-1/2"]
[WhiteElo "1378"]
[BlackElo "949"]
[PlyCount "36"]
[EventDate "2012.09.27"]
[EventType "tourn (corr)"]
[EventRounds "4"]
[EventCountry "GER"]
[SourceTitle "Corr 2015"]
[Source "ChessBase"]
[SourceDate "2015.07.17"]
[SourceVersion "1"]
[SourceVersionDate "2015.07.17"]
[SourceQuality "1"]

1. d4 d5 2. c4 dxc4 3. Nf3 Nf6 4. e3 c5 5. Bxc4 cxd4 6. Nxd4 e5 7. Nb5 Qxd1+ 8. Kxd1 Na6 9. N1c3 Bb4 10. Bd2 0-0 11. e4 Bxc3 12. Nxc3 Nc5 13. f3 a6 14. Nd5 Nxd5 15. Bxd5 Be6 16. Bb4 Bxd5 17. Bxc5 Rfd8 18. Ke1 Be6 1/2-1/2

[Event "OP-2012-0-02432"]
[Site "LSS email"]
[Date "2012.09.30"]
[Round "?"]
[White "O'Donnell, Kieran"]
[Black "Sirotkin, Evgenji"]
[Result "0-1"]
[WhiteElo "1378"]
[BlackElo "1561"]
[PlyCount "64"]
[EventDate "2012.09.27"]
[EventType "tourn (corr)"]
[EventRounds "4"]
[EventCountry "GER"]
[SourceTitle "Telechess CBM 163"]
[Source "ChessBase"]
[SourceDate "2014.11.11"]
[SourceVersion "2"]
[SourceVersionDate "2014.11.11"]
[SourceQuality "1"]

1. d4 d5 2. c4 e6 3. Nc3 Nf6 4. Bg5 Be7 5. e3 0-0 6. Nf3 h6 7. Bh4 Nbd7 8. Rc1 c6 9. Qc2 a6 10. cxd5 cxd5 11. Bd3 b5 12. a3 Bb7 13. 0-0 Rc8 14. Nd2 Nb6 15. b4 Nc4 16. Qa2 Nd7 17. Bxe7 Qxe7 18. Nb3 Rfe8 19. Nb1 e5 20. dxe5 Ndxe5 21. Be2 d4 22. Nxd4 Qg5 23. g3 Nxe3 24. f4 Qd8 25. Rxc8 Bxc8 26. Rf2 N5g4 27. Bxg4 Bxg4 28. Qd2 Nc4 29. Qc3 Re3 30. Qa1 Re1+ 31. Rf1 Rxf1+ 32. Kxf1 Qd5 0-1

[Event "SD-2011-0-00125"]
[Site "LSS email"]
[Date "2011.12.23"]
[Round "?"]
[White "O'Donnell, Kieran"]
[Black "Vio, Mauro"]
[Result "0-1"]
[WhiteElo "1377"]
[BlackElo "1484"]
[PlyCount "66"]
[EventDate "2011.11.25"]
[EventType "tourn (corr)"]
[EventRounds "6"]
[EventCountry "GER"]
[SourceTitle "Telechess CBM 161"]
[Source "ChessBase"]
[SourceDate "2014.07.16"]
[SourceVersion "1"]
[SourceVersionDate "2014.07.16"]
[SourceQuality "1"]

1. d4 Nf6 2. c4 e6 3. g3 Bb4+ 4. Bd2 Bxd2+ 5. Nxd2 0-0 6. e4 d5 7. e5 Nfd7 8. cxd5 exd5 9. Bg2 c5 10. f4 cxd4 11. Ne2 Nc5 12. Nb3 Nxb3 13. Qxb3 Qa5+ 14. Kf2 Nc6 15. Rhd1 Bg4 16. Rd3 Bf5 17. Rdd1 d3 18. Nc3 Nb4 19. Nxd5 Nxd5 20. Bxd5 Rad8 21. Bf3 Rc8 22. g4 Rc2+ 23. Kg3 Bg6 24. Qd5 Qb6 25. Rf1 h6 26. f5 Rd8 27. Qxb7 Qc5 28. Qe4 Bh7 29. b4 Qc7 30. Bd1 Rc4 31. Qe3 d2 32. Kg2 Rc1 33. Bb3 d1Q 0-1

[Event "SD-2011-0-00125"]
[Site "LSS email"]
[Date "2011.12.23"]
[Round "?"]
[White "Rakus, Klaus Dieter"]
[Black "O'Donnell, Kieran"]
[Result "1-0"]
[WhiteElo "1716"]
[BlackElo "1377"]
[PlyCount "45"]
[EventDate "2011.11.25"]
[EventType "tourn (corr)"]
[EventRounds "6"]
[EventCountry "GER"]
[SourceTitle "Telechess CBM 161"]
[Source "ChessBase"]
[SourceDate "2014.07.16"]
[SourceVersion "1"]
[SourceVersionDate "2014.07.16"]
[SourceQuality "1"]

1. e4 d6 2. d4 Nf6 3. Nc3 g6 4. Bg5 Bg7 5. Qd2 h6 6. Bh4 c6 7. Nf3 Qa5 8. h3 b5 9. Bd3 Nbd7 10. 0-0 Nb6 11. Rfe1 0-0 12. Nd5 Qxd2 13. Nxe7+ Kh7 14. Nxd2 Bb7 15. e5 dxe5 16. dxe5 Nfd7 17. f4 Nc5 18. Ne4 Nxe4 19. Bxe4 Nd5 20. f5 g5 21. f6+ Kh8 22. fxg7+ Kxg7 23. Nf5+ 1-0

[Event "LSS CP-2009-P-00078"]
[Site "LSS email"]
[Date "2009.09.27"]
[Round "?"]
[White "O'Donnell, Kieran"]
[Black "Lacoste, Alain"]
[Result "1/2-1/2"]
[WhiteElo "1436"]
[BlackElo "1971"]
[PlyCount "64"]
[EventDate "2009.10.01"]
[EventType "tourn (corr)"]
[EventRounds "6"]
[EventCountry "GER"]
[SourceTitle "Corr 2013"]
[Source "ChessBase"]
[SourceDate "2012.11.12"]
[SourceVersion "1"]
[SourceVersionDate "2012.11.12"]
[SourceQuality "1"]
[WhiteTeam "US of America"]
[BlackTeam "US of America"]
[WhiteTeamCountry "USA"]
[BlackTeamCountry "USA"]

1. d4 d5 2. c4 e6 3. Nc3 Nf6 4. Bg5 Be7 5. e3 0-0 6. Nf3 h6 7. Bh4 b6 8. cxd5 Nxd5 9. Bxe7 Qxe7 10. e4 Nxc3 11. bxc3 Bb7 12. Bd3 c5 13. 0-0 Nd7 14. Re1 cxd4 15. cxd4 e5 16. d5 Nc5 17. Qd2 Qd6 18. Bc2 f5 19. exf5 e4 20. Bxe4 Nxe4 21. Rxe4 Rxf5 22. Qe2 Bxd5 23. Rd1 Qc5 24. Re8+ Rxe8 25. Qxe8+ Rf8 26. Qe2 Bxf3 27. gxf3 Qf5 28. Kg2 Qg6+ 29. Kf1 Qh5 30. Kg2 Rf4 31. Rd8+ Kh7 32. Rd7 Qg6+ 1/2-1/2

[Event "LSS BI-2009-P-00008"]
[Site "LSS email"]
[Date "2009.04.19"]
[Round "?"]
[White "Luers, Charles J"]
[Black "O'Donnell, Kieran"]
[Result "1-0"]
[WhiteElo "1890"]
[BlackElo "1465"]
[PlyCount "31"]
[EventDate "2009.04.20"]
[EventType "tourn (corr)"]
[EventRounds "10"]
[EventCountry "GER"]
[SourceTitle "Corr 2013"]
[Source "ChessBase"]
[SourceDate "2012.11.12"]
[SourceVersion "1"]
[SourceVersionDate "2012.11.12"]
[SourceQuality "1"]
[WhiteTeam "US of America"]
[BlackTeam "US of America"]
[WhiteTeamCountry "USA"]
[BlackTeamCountry "USA"]

1. e4 d6 2. d4 Nf6 3. Nc3 g6 4. Nf3 Bg7 5. Be2 c5 6. d5 Bg4 7. 0-0 Nbd7 8. Nd2 Bxe2 9. Qxe2 0-0 10. a4 b6 11. a5 Qc7 12. Nc4 a6 13. axb6 Nxb6 14. Na5 Rfe8 15. Rd1 e6 16. dxe6 1-0

[Event "LSS CP-2008-P-00035"]
[Site "LSS email"]
[Date "2008.10.01"]
[Round "?"]
[White "O'Donnell, Kieran"]
[Black "Bernal Varela, Nelson"]
[Result "0-1"]
[WhiteElo "1467"]
[BlackElo "2216"]
[PlyCount "54"]
[EventDate "2008.10.01"]
[EventType "tourn (corr)"]
[EventRounds "6"]
[EventCountry "GER"]
[SourceTitle "Corr 2011"]
[Source "ChessBase"]
[SourceDate "2010.08.31"]
[SourceVersion "1"]
[SourceVersionDate "2010.08.31"]
[SourceQuality "1"]

1. d4 Nf6 2. c4 c5 3. Nf3 cxd4 4. Nxd4 e6 5. a3 Be7 6. Nc3 0-0 7. e4 d5 8. e5 Ne4 9. Qc2 Nxc3 10. Qxc3 Nc6 11. Nxc6 bxc6 12. Be3 f6 13. Bd4 c5 14. exf6 gxf6 15. Qg3+ Kh8 16. Bc3 d4 17. Bd2 e5 18. b4 e4 19. Qb3 Qb6 20. g3 cxb4 21. axb4 Bb7 22. Rg1 a5 23. b5 e3 24. fxe3 dxe3 25. Bxe3 Bc5 26. Kf2 Rae8 27. Re1 Rxe3 0-1

[Event "LSS CP-2008-P-00035"]
[Site "LSS email"]
[Date "2008.10.01"]
[Round "?"]
[White "O'Donnell, Kieran"]
[Black "Schubert, Steffen"]
[Result "0-1"]
[WhiteElo "1467"]
[BlackElo "1939"]
[PlyCount "58"]
[EventDate "2008.10.01"]
[EventType "tourn (corr)"]
[EventRounds "6"]
[EventCountry "GER"]
[SourceTitle "Corr 2011"]
[Source "ChessBase"]
[SourceDate "2010.08.31"]
[SourceVersion "1"]
[SourceVersionDate "2010.08.31"]
[SourceQuality "1"]

1. d4 Nf6 2. c4 e6 3. Nc3 Bb4 4. e3 c5 5. Nf3 0-0 6. Bd3 d5 7. cxd5 exd5 8. 0-0 c4 9. Be2 Bf5 10. Nh4 Bd7 11. Qc2 Nc6 12. Nf5 g6 13. Ng3 h5 14. Bf3 h4 15. Nge2 Bf5 16. e4 Nxe4 17. Nxe4 Re8 18. N2c3 dxe4 19. Bxe4 Rxe4 20. Nxe4 Qxd4 21. Nf6+ Qxf6 22. Qxc4 h3 23. a3 hxg2 24. Rd1 Ne5 25. Qb3 Bc5 26. Bf4 Be4 27. Qg3 Nf3+ 28. Kxg2 Nd4+ 29. Kf1 Qa6+ 0-1

[Event "LSS CP-2008-P-00035"]
[Site "LSS email"]
[Date "2008.10.01"]
[Round "?"]
[White "Siger, Imre Csaba"]
[Black "O'Donnell, Kieran"]
[Result "1-0"]
[WhiteElo "2091"]
[BlackElo "1464"]
[PlyCount "41"]
[EventDate "2008.10.01"]
[EventType "tourn (corr)"]
[EventRounds "6"]
[EventCountry "GER"]
[SourceTitle "Corr 2011"]
[Source "ChessBase"]
[SourceDate "2010.08.31"]
[SourceVersion "1"]
[SourceVersionDate "2010.08.31"]
[SourceQuality "1"]

1. Nf3 Nf6 2. d4 d5 3. c4 g6 4. cxd5 Nxd5 5. e4 Nb6 6. h3 Bg7 7. Nc3 0-0 8. Be2 c6 9. Bf4 N8d7 10. 0-0 Re8 11. a4 a5 12. Be3 Qc7 13. Rc1 Qd6 14. Qc2 e5 15. dxe5 Qb4 16. b3 Rb8 17. Rfd1 Na8 18. Nb5 Nab6 19. Nd6 Re7 20. Qa2 Na8 21. Rc4 1-0

[Event "IECG TE.2006.S.02101 email"]
[Site "IECG email"]
[Date "2007.12.10"]
[Round "?"]
[White "Mikhailukov, Ivan"]
[Black "O'Donnell, Kieran"]
[Result "1-0"]
[WhiteElo "1925"]
[BlackElo "1465"]
[PlyCount "33"]
[EventDate "2007.12.11"]
[EventType "tourn (corr)"]
[EventRounds "12"]
[SourceTitle "Corr 2024"]
[Source "ChessBase"]
[SourceDate "2023.10.19"]
[SourceVersion "1"]
[SourceVersionDate "2023.10.19"]
[SourceQuality "1"]

1. e4 c5 2. f4 d6 3. Nf3 Nf6 4. Nc3 g6 5. e5 dxe5 6. fxe5 Nd5 7. Bc4 e6 8. 0-0 Bg7 9. Ne4 0-0 10. Nxc5 Nc6 11. d4 Qc7 12. Re1 Rd8 13. Bg5 Re8 14. Qd2 b6 15. Ne4 Bb7 16. Bxd5 exd5 17. Nf6+ 1-0

[Event "IECG TE.2006.P.02304 email"]
[Site "IECG email"]
[Date "2006.12.20"]
[Round "?"]
[White "Buzas, Gyula"]
[Black "O'Donnell, Kieran"]
[Result "1-0"]
[WhiteElo "2326"]
[BlackElo "1465"]
[PlyCount "51"]
[EventDate "2006.12.20"]
[EventType "tourn (corr)"]
[EventRounds "12"]
[SourceTitle "Corr 2024"]
[Source "ChessBase"]
[SourceDate "2023.10.19"]
[SourceVersion "1"]
[SourceVersionDate "2023.10.19"]
[SourceQuality "1"]

1. e4 c5 2. c3 Nf6 3. e5 Nd5 4. Nf3 Nc6 5. d4 cxd4 6. cxd4 d6 7. Bc4 Nb6 8. Bd3 Bg4 9. h3 Bh5 10. g4 Bg6 11. Bxg6 hxg6 12. e6 fxe6 13. Qd3 Kd7 14. Ng5 Qe8 15. Nc3 Rc8 16. Qb5 Kc7 17. Nxe6+ Kb8 18. Be3 Qd7 19. d5 Ne5 20. Bxb6 Qxb5 21. Bxa7+ Kxa7 22. Nxb5+ Kb6 23. Nbd4 Nxg4 24. Ke2 Ne5 25. Rhc1 Rc5 26. Nxc5 1-0

[Event "IECG TE.2006.P.02313 email"]
[Site "IECG email"]
[Date "2006.12.20"]
[Round "?"]
[White "O'Donnell, Kieran"]
[Black "Sherwood, Russell"]
[Result "0-1"]
[WhiteElo "1465"]
[BlackElo "1829"]
[PlyCount "52"]
[EventDate "2006.12.20"]
[EventType "tourn (corr)"]
[EventRounds "12"]
[SourceTitle "Corr 2024"]
[Source "ChessBase"]
[SourceDate "2023.10.19"]
[SourceVersion "1"]
[SourceVersionDate "2023.10.19"]
[SourceQuality "1"]

1. e4 c5 2. c3 Nf6 3. e5 Nd5 4. d4 cxd4 5. cxd4 d6 6. Nf3 Nc6 7. Bb5 Qa5+ 8. Nc3 Nxc3 9. Bxc6+ bxc6 10. Qd2 dxe5 11. Nxe5 Qd5 12. Qxc3 Qxg2 13. Qf3 Qxf3 14. Nxf3 Bb7 15. Be3 Rd8 16. Ke2 Ba6+ 17. Ke1 e6 18. a3 f6 19. Rc1 Rb8 20. b4 Bb7 21. Ke2 a5 22. Bd2 g5 23. bxa5 Bxa3 24. Rb1 Ba6+ 25. Ke3 Bd6 26. Bc3 Bf4+ 0-1

[Event "IECG TE.2006.P.02137 email"]
[Site "IECG email"]
[Date "2006.03.17"]
[Round "2"]
[White "O'Donnell, Kieran"]
[Black "Khramkov, Alexey"]
[Result "1-0"]
[WhiteElo "1466"]
[BlackElo "1000"]
[PlyCount "49"]
[EventDate "2006.03.17"]
[EventType "tourn (corr)"]
[EventRounds "12"]
[SourceTitle "Corr 2024"]
[Source "ChessBase"]
[SourceDate "2023.10.19"]
[SourceVersion "1"]
[SourceVersionDate "2023.10.19"]
[SourceQuality "1"]

1. e4 c5 2. f4 d6 3. Nc3 Nf6 4. Nf3 g6 5. d4 cxd4 6. Nxd4 Nc6 7. Be2 Bg7 8. Be3 0-0 9. Bf3 Nxd4 10. Bxd4 Qa5 11. Qd2 a6 12. 0-0 e5 13. Be3 Rd8 14. h3 b5 15. a3 Bb7 16. Qf2 Nd7 17. fxe5 Bxe5 18. Bg4 Qc7 19. Qxf7+ Kh8 20. Bg5 Qb6+ 21. Kh1 Nc5 22. Bf6+ Bxf6 23. Qxf6+ Kg8 24. b4 Rf8 25. Qd4 1-0

[Event "IECG TE.2006.P.02137 email"]
[Site "IECG email"]
[Date "2006.03.17"]
[Round "1"]
[White "O'Donnell, Kieran"]
[Black "Rheinstaedtler, Klaus"]
[Result "0-1"]
[WhiteElo "1466"]
[BlackElo "2257"]
[PlyCount "52"]
[EventDate "2006.03.17"]
[EventType "tourn (corr)"]
[EventRounds "12"]
[SourceTitle "Corr 2024"]
[Source "ChessBase"]
[SourceDate "2023.10.19"]
[SourceVersion "1"]
[SourceVersionDate "2023.10.19"]
[SourceQuality "1"]

1. e4 c5 2. f4 g6 3. Nf3 Bg7 4. c4 Nc6 5. Nc3 d6 6. Be2 e6 7. d3 Nge7 8. Be3 Nd4 9. Qd2 Nec6 10. Nb5 Nxf3+ 11. Bxf3 a6 12. Nc3 Nd4 13. 0-0 0-0 14. Ne2 Nxf3+ 15. Rxf3 b5 16. Rc1 Bb7 17. Ng3 bxc4 18. dxc4 h5 19. Qc2 f5 20. Rd1 h4 21. Bxc5 hxg3 22. Rxd6 gxh2+ 23. Kh1 Qc7 24. b4 Bxe4 25. Qe2 Bxf3 26. Qxe6+ Qf7 0-1

[Event "IECG TE.2006.P.02137 email"]
[Site "IECG email"]
[Date "2006.03.17"]
[Round "1"]
[White "O'Donnell, Kieran"]
[Black "Serra, Jose"]
[Result "1-0"]
[WhiteElo "1466"]
[BlackElo "800"]
[PlyCount "97"]
[EventDate "2006.03.17"]
[EventType "tourn (corr)"]
[EventRounds "12"]
[SourceTitle "Corr 2024"]
[Source "ChessBase"]
[SourceDate "2023.10.19"]
[SourceVersion "1"]
[SourceVersionDate "2023.10.19"]
[SourceQuality "1"]

1. e4 c5 2. f4 d5 3. exd5 Qxd5 4. Nc3 Qe6+ 5. Be2 Nf6 6. Nf3 Nc6 7. 0-0 g6 8. Re1 Qd6 9. d4 cxd4 10. Nb5 Qd8 11. Bc4 Bg4 12. c3 a6 13. Nbxd4 Nxd4 14. Qxd4 Qxd4+ 15. Nxd4 Rc8 16. Bb3 e6 17. h3 Bf5 18. Be3 Bd6 19. Rad1 Ne4 20. g4 0-0 21. gxf5 exf5 22. Kg2 Rfe8 23. Kf3 Bc5 24. Bf2 Nxf2 25. Kxf2 Re4 26. Rxe4 fxe4 27. Re1 Re8 28. Bd5 Rd8 29. Bxe4 Bxd4+ 30. cxd4 Rxd4 31. Ke3 Rb4 32. Re2 f5 33. Bd3 Kf7 34. Rc2 Kg7 35. Rc7+ Kh6 36. b3 Rb6 37. Bc4 g5 38. Re7 gxf4+ 39. Kxf4 Kg6 40. Re6+ Rxe6 41. Bxe6 b6 42. Bxf5+ Kg7 43. Ke5 h5 44. Kd6 Kf6 45. Bc8 a5 46. Kc6 a4 47. bxa4 Ke7 48. Kxb6 Kd6 49. a5 1-0

[Event "CFriend CP-2005-P-00001"]
[Site "Chessfriend.com"]
[Date "2005.10.01"]
[Round "1"]
[White "Weber, Daniel"]
[Black "O'Donnell, Kieran"]
[Result "1-0"]
[WhiteElo "2189"]
[BlackElo "1470"]
[PlyCount "43"]
[EventDate "2005.??.??"]
[EventType "tourn (corr)"]
[EventRounds "2"]
[SourceTitle "Corr 2008"]
[Source "ChessBase"]
[SourceDate "2008.06.24"]
[SourceVersion "1"]
[SourceVersionDate "2008.06.24"]
[SourceQuality "1"]

1. e4 d6 2. d4 Nf6 3. Nc3 g6 4. Bg5 Bg7 5. f4 h6 6. Bh4 c5 7. dxc5 Qa5 8. Qd2 Qxc5 9. 0-0-0 0-0 10. Bxf6 Bxf6 11. Nd5 Kg7 12. Nxf6 Kxf6 13. h4 h5 14. f5 Kg7 15. Nf3 Nd7 16. Qg5 Nf6 17. Bd3 e5 18. Rhf1 Re8 19. Nh2 Nh7 20. f6+ Kh8 21. Qh6 Rg8 22. Nf3 1-0

[Event "IECG TE.2005.P.01835 email"]
[Site "IECG email"]
[Date "2005.04.12"]
[Round "1"]
[White "O'Donnell, Kieran"]
[Black "Maiffret, Patrick"]
[Result "1-0"]
[WhiteElo "1469"]
[BlackElo "2032"]
[PlyCount "29"]
[EventDate "2005.03.24"]
[EventType "tourn (corr)"]
[EventRounds "8"]
[SourceTitle "Corr 2024"]
[Source "ChessBase"]
[SourceDate "2023.10.19"]
[SourceVersion "1"]
[SourceVersionDate "2023.10.19"]
[SourceQuality "1"]

1. d4 Nf6 2. c4 c5 3. d5 b5 4. Nf3 g6 5. Qc2 bxc4 6. e4 Ba6 7. Nbd2 Bg7 8. Bxc4 Bxc4 9. Nxc4 d6 10. 0-0 Nbd7 11. Bd2 Nb6 12. Na5 0-0 13. Nc6 Qc7 14. Bc3 Nbxd5 15. exd5 1-0

[Event "IECG TE.2005.P.01834 email"]
[Site "IECG email"]
[Date "2005.03.24"]
[Round "2"]
[White "Crawford, Gary"]
[Black "O'Donnell, Kieran"]
[Result "1-0"]
[WhiteElo "2088"]
[BlackElo "1469"]
[PlyCount "43"]
[EventDate "2005.03.24"]
[EventType "tourn (corr)"]
[EventRounds "8"]
[SourceTitle "Corr 2024"]
[Source "ChessBase"]
[SourceDate "2023.10.19"]
[SourceVersion "1"]
[SourceVersionDate "2023.10.19"]
[SourceQuality "1"]

1. d4 Nf6 2. c4 c5 3. d5 b5 4. Nf3 g6 5. cxb5 a6 6. e3 Bg7 7. Nc3 d6 8. Be2 0-0 9. 0-0 Bb7 10. e4 Qa5 11. Re1 axb5 12. Bxb5 Nbd7 13. Bg5 h6 14. Bxd7 hxg5 15. Bc6 Bxc6 16. dxc6 g4 17. e5 gxf3 18. exf6 Bxf6 19. Qxf3 Rfc8 20. Nd5 Kg7 21. c7 Qd2 22. Nxe7 1-0

[Event "IECG TE.2005.P.01834 email"]
[Site "IECG email"]
[Date "2005.03.24"]
[Round "2"]
[White "O'Donnell, Kieran"]
[Black "Nenciulescu, Silviu"]
[Result "0-1"]
[WhiteElo "1469"]
[BlackElo "2073"]
[PlyCount "52"]
[EventDate "2005.03.24"]
[EventType "tourn (corr)"]
[EventRounds "8"]
[SourceTitle "Corr 2024"]
[Source "ChessBase"]
[SourceDate "2023.10.19"]
[SourceVersion "1"]
[SourceVersionDate "2023.10.19"]
[SourceQuality "1"]

1. d4 Nf6 2. c4 c5 3. d5 b5 4. Nf3 g6 5. Nbd2 Bg7 6. e4 d6 7. cxb5 0-0 8. Qc2 a6 9. Be2 axb5 10. Bxb5 Qa5 11. Bc4 Nbd7 12. 0-0 Nb6 13. Bd3 e6 14. Nc4 Nxc4 15. Bxc4 exd5 16. exd5 Bf5 17. Qd1 Qb4 18. Qb3 Qxb3 19. Bxb3 Bd3 20. Rd1 c4 21. Nd4 cxb3 22. Rxd3 bxa2 23. Nb5 Rfc8 24. Nc3 Ne4 25. Bd2 Bxc3 26. bxc3 Rcb8 0-1

[Event "IECG CD.2005.0.00093 email"]
[Site "IECG email"]
[Date "2005.03.16"]
[Round "?"]
[White "O'Donnell, Kieran"]
[Black "Casser, Aaron"]
[Result "1-0"]
[WhiteElo "1469"]
[BlackElo "1507"]
[PlyCount "53"]
[EventDate "2005.03.16"]
[EventType "tourn (corr)"]
[EventRounds "6"]
[SourceTitle "Corr 2008"]
[Source "ChessBase"]
[SourceDate "2008.06.24"]
[SourceVersion "1"]
[SourceVersionDate "2008.06.24"]
[SourceQuality "1"]

1. d4 Nf6 2. c4 g6 3. Nc3 d5 4. Nf3 Bg7 5. Qb3 dxc4 6. Qxc4 c6 7. e4 0-0 8. h3 Nbd7 9. Be3 Nb6 10. Qb3 Be6 11. Qc2 Nc4 12. Bg5 h6 13. Bh4 g5 14. Bxg5 hxg5 15. e5 Qb6 16. Bxc4 Bxc4 17. Nxg5 Rfe8 18. 0-0-0 Nd5 19. Nxd5 Bxd5 20. Qh7+ Kf8 21. Rd3 Qa6 22. a3 c5 23. e6 cxd4 24. exf7 Bxf7 25. Rf3 Qc4+ 26. Kd2 Rec8 27. Nxf7 1-0

[Event "IECG CP.2003.P.00024 email"]
[Site "IECG email"]
[Date "2003.10.01"]
[Round "?"]
[White "Furman, Slavomir"]
[Black "O'Donnell, Kieran"]
[Result "1-0"]
[WhiteElo "2015"]
[BlackElo "1624"]
[PlyCount "43"]
[EventDate "2003.10.01"]
[EventType "tourn (corr)"]
[EventRounds "6"]
[EventCountry "ARG"]
[SourceTitle "Corr 2008"]
[Source "ChessBase"]
[SourceDate "2008.06.24"]
[SourceVersion "1"]
[SourceVersionDate "2008.06.24"]
[SourceQuality "1"]

1. d4 Nf6 2. c4 g6 3. Nc3 d5 4. cxd5 Nxd5 5. e4 Nxc3 6. bxc3 Bg7 7. Nf3 0-0 8. Rb1 c5 9. Be2 cxd4 10. cxd4 Qa5+ 11. Bd2 Qxa2 12. 0-0 Rd8 13. Qc1 Qe6 14. Bc4 Qc6 15. Bf4 e6 16. d5 exd5 17. exd5 Qc5 18. Re1 Nd7 19. d6 Bf6 20. Ng5 Rf8 21. Nxf7 Rxf7 22. Re8+ 1-0